City by Football Clubs #2 - Statistics

General Stats
  • This quiz has been taken 1,293 times
    1,266 since last reset
  • The average score is 11 of 21
Answer Stats
Hint Answer % Correct
_____ United, _____ City Manchester
99%
_____ FC, Everton FC Liverpool
78%
Borussia ______, TSC Eintracht _______ Dortmund
76%
Eintracht ____, FSV ______ Frankfurt
74%
Celtic FC, Partick Thistle FC Glasgow
72%
Aston Villa, ______ City Birmingham
70%
Feyenoord, Sparta _____ Rotterdam
69%
Chievo ____, Hellas _____ Verona
66%
Shakhtar _____, Metalurg _____ Donetsk
65%
FC Zenit _____, FC Dynamo _____ Saint Petersburg
64%
RSC Anderlecht, R.White Star _____ Brussels
55%
Colo Colo, Universidad Chile Santiago
55%
CSKA ____, Levski _____ Sofia
48%
GNK Dinamo _____, N.K Lokomotiva Zagreb
46%
Palmeiras, Corinthians São Paulo
43%
Villareal, Levante, Elche Valencia
42%
Al-Ahly, Zamalek Cairo
41%
U.C. Sampdoria, ____ CFC Genoa
38%
New York Redbulls New Jersey
22%
Alianza ____ , Sporting Cristal Lima
20%
____ City FC, Inter _____ FC Cardiff
3%
No matching quizzes found
Score Distribution
Percent of People with Each Score
Percentile by Number Answered
Your Score History
You have not taken this quiz since the last reset